ជីវវិទ្យា (Record no. 10237)

000 -LEADER
fixed length control field 00262nam a22001097a 4500
040 ## - CATALOGING SOURCE
Transcribing agency SK
082 ## - DEWEY DECIMAL CLASSIFICATION NUMBER
Classification number 574
100 ## - MAIN ENTRY--AUTHOR NAME
Personal name អប់រំ
245 ## - TITLE STATEMENT
Title ជីវវិទ្យា
260 ## - PUBLICATION, DISTRIBUTION, ETC. (IMPRINT)
Place of publication ក្រសួងអប់រំ
Name of publisher អប់រំ
Year of publication 2001
942 ## - ADDED ENTRY ELEMENTS (KOHA)
Koha item type សៀវភៅភាសាខ្មែរ
952 ## - LOCATION AND ITEM INFORMATION (KOHA)
Withdrawn status [LOCAL, KOHA] 0
Holdings
Permanent Location Date acquired Koha item type Lost status Shelving location Barcode Current Location Full call number
Library Block C2016-09-22សៀវភៅភាសាខ្មែរ C163A02353Library Block C574 អប់រំ 2001 C163
មជ្ឈមណ្ឌលឯការនៃសាកលវិទ្យាល័យភូមិន្ទកសិកម្មចំការដូង

Powered by Koha